000 00992nam a22003017a 4500
005 20240530110505.0
008 151007s2011 ua g 000 0 ara d
017 _a22215
_bمصر . دار الكتب المصرية
020 _a9770526932
040 _aEG-CaGPL
082 0 4 _221
_a371.9043\
_bهـ د
100 0 _aهلا السعيد
245 1 2 _aالدمج بين جدية التطبيق و الواقع /
_cهلا السعيد
260 _aالقاهرة :
_bمكتبة الانجلو المصرية ،
_c2011 .
300 _a419 ص ؛
_c24 سم .
650 0 4 _aالمعاقون
650 0 4 _aضعاف العقول
650 0 4 _aالصم
650 0 4 _aالمكفوفون
650 0 4 _aالتوحد
650 0 4 _aصعوبات التعلم
650 0 4 _aالللغة
_xالنطق
650 0 4 _aاضرابات اللغة
650 0 4 _aالموهوبون
650 0 4 _aالتعليم
_xالمعوقون
650 0 4 _aالتربية
_xالمعوقون
942 _2ddc
_cBK
999 _c61548
_d61548